| 000 | 00939nam a2200229Ia 4500 | ||
|---|---|---|---|
| 005 | 20140903174345.0 | ||
| 008 | 130821s2012 ck ad gr spa | ||
| 020 | _a9789588340562 | ||
| 020 | _a9789588340746 (2012) | ||
| 040 |
_aCO-BoUCM _bspa _cJose A. Gerena (modificó) _d[Nuevo] |
||
| 041 | 0 | 0 | _aspa |
| 110 | 1 |
_aColombia _bDepartamento Nacional de Planeación _bUnidad de Desarrollo Territorial _960564 |
|
| 245 | 1 | 0 |
_aBases para la gestión del sistema presupuestal territorial _cDepartamento Nacional de Planeación |
| 260 |
_aBogotá (Colombia) _bDepartamento Nacional de Planeación _c2012 |
||
| 300 |
_avolumenes _bilustraciones, cuadros, gráficas |
||
| 650 | 7 |
_aAdministración pública _926446 |
|
| 650 | 7 |
_aHacienda pública _zColombia _916682 |
|
| 650 | 7 |
_aPresupuesto _zColombia _922261 |
|
| 690 |
_942738 _aAdministración pública |
||
| 942 |
_cLIBRO _a7 _e1 _mC718b _2DEWEY _h351.722 |
||
| 999 |
_c78286 _d78286 |
||